01009nam a22002897a 450000100060000000300080000600500170001400800390003102000140007002000140008403500190009804000270011704100080014408200210015210000550017324500510022826000430027930000200032250000660034250000360040865000210044483000240046583000590048994200120054899900170056095201420057732886BD-RjUL20211209051918.0140429r19681960enk a 000 0 eng a042940443 a042940451 a(BD-RjUL)32976 aDLCcDLCbengdBD-RjUL aeng a294.53bRAH 19681 aRadhakrishnan, S.q(Sarvepalli),d1888-1975.9406814aThe Hindu view of life /cby S. Radhakrishnan. aLondon :bUnwin,c1960 [Reprint 1968]. a92 p. ;c19 cm. a"First published in Great Britain, January 1927"--T.p. verso. aMaster microform held by: ICRL. 0aHinduism.999976 0vitem 07435.9100102 0aSAMP early 20th-century Indian books project ;9100103 2ddccBK c32886d32886 00102ddc40718NFICaRUCLbRUCLcReadingd1990-11-03eShawket Osmang0.00l0o294.53 RAH 1968r2014-04-28 00:00:00tC-1w2014-04-28yBK